2317-静岡市清水区(静岡県)の駅 - Statistics

General Stats
  • This quiz has been taken 2 times
  • The average score is 7 of 13
Answer Stats
Answer % Correct
新蒲原
100%
蒲原
100%
由比
100%
興津
100%
清水
100%
草薙
100%
草薙
50%
新清水
50%
県立美術館前
0%
御門台
0%
狐ヶ崎
0%
桜橋
0%
入江岡
0%
No matching quizzes found
Score Distribution
Percent of People with Each Score
Percentile by Number Answered
Your Score History
You have not taken this quiz